000 00639nam a2200229Ia 4500
003 OSt
005 20220923225419.0
006 a|||||r|||| 00| 0
007 ta
008 220922b |||||||| |||| 00| 0 san d
024 _a266,973
037 _cTextual
040 _aARTS
_cARTS
_bsan
041 _2san
_asan
082 _aR65,6, 15N0
100 _aमिश्र, वंशीधर
_9156318
245 0 _aश्रीमद्भगवद्गीता
246 _aShrīmadbhagavadgītā
260 _c1990
942 _hR65,6, 15N0
_cTEXL
_2CC
999 _c378104
_d378104